| 000 | 02126cam a22004454i 4500 | ||
|---|---|---|---|
| 003 | PE-LiUPU | ||
| 005 | 20250731172859.0 | ||
| 008 | 150623s r 000 0 d | ||
| 020 | _a1506415911 | ||
| 020 | _a9781506415918 | ||
| 035 | _a(Sirsi) a165868 | ||
| 040 |
_aPE-LiUPU _bspa _cPE-LiUPU _erda |
||
| 049 | _aPRUA | ||
| 082 | 0 | 4 |
_a227.07 _bL5 _223 |
| 245 | 1 | 4 |
_aThe Letters and legacy of Paul / _cMargaret Aymer, Cynthia Briggs Kittredge, David A. Sánchez, editors. |
| 264 | 1 |
_aMinneapolis : _bFortress Press, _c2016. |
|
| 300 |
_a358 páginas ; _c24 centímetros. |
||
| 336 |
_atext _2rdacontent |
||
| 337 |
_aunmediated _2rdamedia |
||
| 338 |
_avolume _2rdacarrier |
||
| 505 | 0 | _aReading the Christian New Testament in the contemporary world / Kwok Pui-lan -- Negotiating the Jewish heritage of early Christianity / Lawrence M. Wills -- Rootlessness and community in contexts of diaspora / Margaret Aymer -- The apocalyptic legacy of early Christianity / David A. Sánchez -- Situating the Apostle Paul in his day and engaging his legacy in our own / Neil Elliott -- Romans / Cynthia Briggs Kittredge -- 1 Corinthians / Laura S. Nasrallah -- 2 Corinthians / David E. Fredrickson -- Galatians / Brigitte Kahl -- Ephesians / Jennifer G. Bird -- Philippians / Julia Lambert Fogg -- Colossians / Sylvia C. Keesmaat -- 1,2 Thessalonians / Edward Pillar -- 1,2 Timothy / Deborah Krause -- Titus / Deborah Krause -- Philemon / Eric D. Barreto. | |
| 526 | _aSEG42 | ||
| 526 | _aSEG41 | ||
| 526 | _aSEG40 | ||
| 526 | _aSEG39 | ||
| 526 | _aP94 | ||
| 526 | _aP87 | ||
| 526 | _aP86 | ||
| 526 | _aP85 | ||
| 526 | _aP77 | ||
| 526 | _aP76 | ||
| 526 | _aP35 | ||
| 650 | 0 | 0 |
_aBiblia. _pEpístolas de Pablo _vComentarios. |
| 650 | 0 | 0 |
_aBiblia. _pNuevo Testamento _vCommentarios. |
| 942 |
_2ddc _cBOOK |
||
| 994 |
_aC0 _bPEPRU |
||
| 596 | _a1 | ||
| 999 |
_a227.07 L5 _wLC _c14615 _i75185 _d14615 _f2021-11-9 _g5 _lCCODEBUL1 _mBUL _q4 _r0 _sY _tBOOK _u2017-1-5 _xTEOLOGIA _PP85 _0COMPRA _o.STAFF. Colección TEOLOGIA |
||
| 980 |
_81 _gALBERTO SANCHEZ Responsable de Automatización |
||